Statistics for California, Colorado or Connecticut?

Click here to take the quiz!

General Stats

  • This quiz has been taken 112 times
  • The average score is 9 of 15

Answer Stats

QuestionAnswer% Correct
Which is the largest?California
97%
Which is the most populous?California
96%
Which does not border the ocean?Colorado
95%
Which does NOT have a city with a population over 1 million?Connecticut
87%
Which extends the furthest south?California
78%
Which has a panhandle?Connecticut
78%
Which contains an international airportall of them
72%
Which was created last?Colorado
57%
Which extends the furthest north? (this is VERY close between two of them)Connecticut
55%
Which is partially located within the "Boswash megalopolis"?Connecticut
54%
Which has one or more "fourteeners" (mountains above 14,000 feet)California and Colorado
49%
Which is closest to India?Connecticut
32%
Bonus question: Which do I live in?California
30%
Which has a "seal on a blue field" flag?none of them
14%
Which has the fewest borders?California
11%

Score Distribution

Percentile by Number Answered

Percent of People with Each Score

Your Score History

You have not taken this quiz